| 000 | 00988nam a2200301 u 4500 | ||
|---|---|---|---|
| 005 | 20240925064842.0 | ||
| 008 | 191028s2012 r 000 0 eng d | ||
| 020 | _a9788449327179 | ||
| 035 | _aUPN01000233750 | ||
| 040 |
_aUPN _bspa _cUPN |
||
| 050 | 4 |
_aHF5548.8 _bB3.8 |
|
| 100 | 1 |
_aBauman, Zygmunt, _d1925-2017 _930175 |
|
| 240 | 1 | 0 |
_a This is not a diary. _lEspañol |
| 245 | 1 | 0 |
_aEsto no es un diario / _cZygmunt Bauman ; traducido por Albino Santos Mosquera y Antonio Francisco Rodríguez Esteban. |
| 250 | _a1a ed. | ||
| 260 |
_aBarcelona : _bPaidós, _c2012. |
||
| 300 | _a283 p. | ||
| 490 | _a Paidós Estado y Sociedad | ||
| 650 | 4 |
_aRelaciones interpersonales _91551 |
|
| 650 | 4 |
_aCultura _97095 |
|
| 650 | 2 |
_aProblemas sociales _96247 |
|
| 650 | 4 |
_aCiencias políticas _xFilosofía _98065 |
|
| 700 | 1 |
_aSantos Mosquera, Albino _943964 |
|
| 700 | 1 |
_aRodríguez Esteban, Antonio Francisco _943965 |
|
| 905 | _aLibro | ||
| 942 |
_2lcc _cLIBRO |
||
| 999 |
_c205845 _d205845 |
||